| 000 | 00901nam a2200253 i 4500 | ||
|---|---|---|---|
| 003 | DO-SdBNP | ||
| 005 | 20250205092106.0 | ||
| 006 | a||||ar|||| 00| 0 | ||
| 007 | ta | ||
| 008 | 230811e2023 dr a ||| |||| 00| 0 spa d | ||
| 020 | _a9789945929690 | ||
| 040 |
_aDO-SdBNP _bspa _cBNPHU _erda |
||
| 082 | 4 |
_222 _bR934n |
|
| 100 | 1 |
_aRuiz de Catrain, María Teresa _eautora _922649 |
|
| 245 | 1 | 3 |
_aLa niña que hablaba con el mar. / _cMaría Teresa Ruiz de Catrain; ilustraciones de Nat Rivera. |
| 264 | 1 |
_aSantiago de los Caballeros, República Dominicana : _bCentro León, _c2023 |
|
| 300 |
_a51 páginas : _bIlustraciones ; _c23 cm. |
||
| 336 |
_2rdacontent _atexto _btxt |
||
| 337 |
_2rdamedia _asin mediación _bn |
||
| 338 |
_2rdacarrier _avolumen _bnc |
||
| 490 | _aMaterial de apoyo a la gestion pedagógica de los Museos de Ciudad Colonial. | ||
| 590 | _aInventariado 2023 / MF | ||
| 942 |
_2ddc _cLBS1 |
||
| 999 |
_c54382 _d54382 |
||